00000000nam 2200000za 4500
0019.822292
003CaOODSP
00520221107143644
007cr |||||||||||
008160809s2016    onc     o    f000 0 eng d
040 |aCaOODSP|beng
043 |an-cn---
0861 |aH113-24/2016-40E-PDF
24500|aBromoxynil |h[electronic resource].
260 |aOttawa : |bHealth Canada, |cc2016.
300 |a5 p.
4901 |aProposed maximum residue limit, |x1925-0843 ; |vPMRL2016-40
500 |aIssued also in French under title: Bromoxynil.
500 |a“8 August 2016.”
504 |aIncludes references.
520 |aUnder the authority of the Pest Control Products Act, Health Canada’s Pest Management Regulatory Agency (PMRA) has concluded that the addition of a new use on carrots to the product label of Pardner Herbicide, containing technical grade bromoxynil, is acceptable. The specific use approved in Canada is detailed on the label of Pardner Herbicide, Pest Control Products Act Registration Number 18001. The evaluation of this bromoxynil application indicated that the end-use product has value and the human health and environmental risks associated with the new uses are acceptable.
530 |aIssued also in print.
69207|2gccst|aHerbicides
69207|2gccst|aCertification
69207|2gccst|aToxicology
7101 |aCanada. |bHealth Canada.
7101 |aCanada. |bPest Management Regulatory Agency.
77508|tBromoxynil |w(CaOODSP)9.822294
830#0|aProposed maximum residue limit,|x1925-0843 ; |vPMRL2016-40|w(CaOODSP)9.505147
85640|qPDF|s153 KB|uhttps://publications.gc.ca/collections/collection_2016/sc-hc/H113-24-2016-40-eng.pdf